| 000 | 01249nam a22002297a 4500 | ||
|---|---|---|---|
| 999 |
_c62374 _d62374 |
||
| 003 | Ge_BSU | ||
| 005 | 20241017170137.0 | ||
| 008 | 241017s1991 ge ||||| |||| 00| 0 geo d | ||
| 041 | _ageo | ||
| 080 | _a616-083.98 ღ-91 | ||
| 100 |
_aღუდუშაური, ოთარ _923432 |
||
| 245 |
_aგადაუდებელი დახმარება და მკურნალობა სხეულის დაზიანებისა და ძვლების მოტეხილობების დროს / _c ო. ღუდუშაური, ო. ჩახუნაშვილი, ვ. ჯოხაძე. |
||
| 264 |
_aთბ. : _bსაქართველო, _c1991. |
||
| 300 |
_a194 გვ. : _bილ. ; _c20 სმ. |
||
| 653 | _aსხეულის დაზიანებები | ||
| 653 | _aგადაუდებელი დახმარება | ||
| 653 | _aძვლების მოტეხილობები | ||
| 653 | _aგადაუდებელი დახმარება. | ||
| 700 |
_aჩახუნაშვილი, ო. _eავტორი _923433 |
||
| 700 |
_aჯოხაძე, ვ., _eავტორი _923434 |
||
| 942 |
_2udc _cᲬᲘᲒᲜᲘ |
||